| 000 | 00563 a2200181 4500 | ||
|---|---|---|---|
| 999 |
_c41613 _d41613 |
||
| 003 | OSt | ||
| 005 | 20221010153703.0 | ||
| 008 | 221010b ||||| |||| 00| 0 eng d | ||
| 020 | _a9788121206501 | ||
| 020 | _a8121206219 | ||
| 040 | _coclc | ||
| 082 |
_a333.79 _bSAJ/I |
||
| 100 | 1 |
_99175 _aSajnani, M. _d1965- _q(Manohar), |
|
| 245 |
_aIndan tourism business: _bA legal perspective / _cDr. Manohar Sajnani |
||
| 260 |
_aNew Delhi: _bGyan publishing house, _c2019. |
||
| 300 | _a267 pages | ||
| 942 |
_2ddc _cBK _h333.79 _iSAJ/I _k333.79 _mSAJ/I |
||